Ariana Grande - we can't be friends (wait for your love) lyrics - Statistics

General Stats
  • This quiz has been taken 587 times
  • The average score is 231 of 270
Answer Stats
Hint Answer % Correct
. I
99%
. you
99%
. You
99%
. We
98%
. we
98%
. a
97%
. be
97%
. can't
97%
. friends
97%
. me
97%
. Me
97%
. me,
97%
. Wait
95%
. wait
95%
. your
95%
. And
94%
. and
94%
. Just
94%
. just
94%
. like
94%
. love
94%
. Love,
94%
. pretend
94%
. to
94%
. but
93%
. But
93%
. for
93%
. don't
92%
. wanna
90%
. again
89%
. I'll
88%
. think
88%
. this
88%
. even
87%
. I'd
87%
. pens
87%
. didn't
86%
. my
86%
. papers
86%
. try?
86%
. How
85%
. how
85%
. understand
85%
. could
83%
. die
83%
. until
83%
. in
82%
. ever
81%
. tiptoe,
81%
. you'd
80%
. alright
79%
. silence
79%
. it's
78%
. It's
78%
. let
78%
. cling
76%
. sit
76%
. story
76%
. Baby
75%
. hide
75%
. truth
72%
. argue
71%
. feed
71%
. fire
70%
. girl
70%
. monstrous
70%
. rather
70%
. good
68%
. look
68%
. got
66%
. tongue
63%
. misunderstood
62%
. yeah
62%
. bite
58%
. 'Cause
58%
. that
57%
. least
56%
. made
55%
. so
54%
. So
54%
. feel
53%
. paint
53%
. Know
51%
. the
51%
. I'm
50%
. still
49%
. here
48%
. now
47%
. all
46%
. hanging
45%
. daydream
44%
. need
42%
. night
42%
. something
42%
. maybe
40%
. yet
40%
. that's
39%
. what
38%
. only
36%
. seen
32%
. Not
28%
. your love
2%
No matching quizzes found
Score Distribution
Percent of People with Each Score
Percentile by Number Answered
Your Score History
You have not taken this quiz